| 000 | 01048nam a2200277 b 4500 | ||
|---|---|---|---|
| 005 | 20141010070213.0 | ||
| 008 | 000825s2000 sp | ||| ||spa | ||
| 020 | _a8495359170 | ||
| 040 |
_aCO-BoUCM _bspa _cJose A. Gerena _dJose A. Gerena |
||
| 041 | 1 |
_aspa _hfre |
|
| 100 | 1 |
_aAriès, Philippe _965165 _d1914-1984 |
|
| 245 | 1 | 0 |
_aHistoria de la muerte en occidente _bdesde la edad media hasta nuestros días _cPhilippe Ariès ; traducción de Francisco Carbajo y Richard Perrin |
| 260 |
_aBarcelona (España) _bEl Acantilado _c2000 |
||
| 300 | _a301 páginas | ||
| 490 | 1 |
_aEl Acantilado _v28 |
|
| 650 | 7 |
_aRitos y ceremonias fúnebres _923829 |
|
| 650 | 7 |
_aMuerte _919861 |
|
| 650 | 7 |
_aMuerte _919861 _xAspectos sociales |
|
| 650 | 7 |
_aFilosofía de la muerte _915768 |
|
| 690 |
_942814 _aFilosofía |
||
| 700 | 1 |
_aCarbajo, Francisco _etraductor _965168 |
|
| 700 | 1 |
_aPerrin, Richard _etraductor _965169 |
|
| 765 | 1 | _tEssais sur l'histoire de la mort en Occident | |
| 942 |
_2LOCAL _a2 _cLIBRO _e1 _h128.5 _mA698 |
||
| 999 |
_c242249 _d242249 |
||